Manažérstvo výroby v konkrétnom podniku diplomová práca

Enregistré dans:
Détails bibliographiques
Auteur principal: Belasová, Anna
Collectivité auteur: Podnikovohospodárska fakulta EU so sídlom v Košiciach. Katedra manažmentu
Autres auteurs: Bosák, Martin, 1967-
Format: Livre
Langue:slovaque
Publié: Košice 2016
Tags: Ajouter un tag
Pas de tags, Soyez le premier à ajouter un tag!

MARC

LEADER 00000nbm a2200000 4500
001 0217607
005 20161213103733.4
041 0 |a slo 
044 |a SK 
245 1 0 |a Manažérstvo výroby v konkrétnom podniku  |b diplomová práca  |c Anna Belasová ; školiteľ: Martin Bosák 
264 1 |a Košice  |c 2016 
300 |a 63 s. 
100 1 |a Belasová, Anna 
700 1 |a Bosák, Martin, 1967- 
710 2 |a Podnikovohospodárska fakulta EU so sídlom v Košiciach. Katedra manažmentu